Report of the working on cooperative policy (Record no. 19291)
[ view plain ]
| 000 -LEADER | |
|---|---|
| fixed length control field | 00326nam a2200109Ia 4500 |
| 082 ## - DEWEY DECIMAL CLASSIFICATION NUMBER | |
| Classification number | 334(540) |
| Item number | REP |
| 245 #0 - TITLE STATEMENT | |
| Title | Report of the working on cooperative policy |
| 260 ## - PUBLICATION, DISTRIBUTION, ETC. (IMPRINT) | |
| Place of publication | Delhi |
| Name of publisher | Coomunity development & cooperation ministry |
| Year of publication | 1959 |
| 650 ## - SUBJECT ADDED ENTRY--TOPICAL TERM | |
| Topical Term | Cooperative policy |
| 942 ## - ADDED ENTRY ELEMENTS (KOHA) | |
| Koha item type | Books |
| Withdrawn status | Lost status | Damaged status | Not for loan | Home library | Current library | Date acquired | Full call number | Accession Number | Koha item type |
|---|---|---|---|---|---|---|---|---|---|
| RRII Library | RRII Library | 16/12/2021 | 334(540) REP | 00029 | Books |